|
|
|
|
| LEADER |
01693cas a2200241 a 4500 |
| 001 |
AALejournalIMF017331 |
| 008 |
230101c9999 xx r poo 0 0eng d |
| 020 |
|
|
|c 5.00 USD
|
| 020 |
|
|
|z 9781475565225
|
| 022 |
|
|
|a 1934-7685
|
| 040 |
|
|
|a BD-DhAAL
|c BD-DhAAL
|
| 110 |
2 |
|
|a International Monetary Fund.
|b African Dept.
|
| 245 |
1 |
0 |
|a Uganda :
|b Seventh Review Under the Policy Support Instrument-Press Release; and Staff Report.
|
| 264 |
|
1 |
|a Washington, D.C. :
|b International Monetary Fund,
|c 2017.
|
| 300 |
|
|
|a 1 online resource (82 pages)
|
| 490 |
1 |
|
|a IMF Staff Country Reports
|
| 500 |
|
|
|a <strong>Off-Campus Access:</strong> No User ID or Password Required
|
| 500 |
|
|
|a <strong>On-Campus Access:</strong> No User ID or Password Required
|
| 506 |
|
|
|a Electronic access restricted to authorized BRAC University faculty, staff and students
|
| 520 |
3 |
|
|a The economy has performed reasonably well in a complex environment. Growth slowed marginally in FY15/16, reflecting muted sentiment in an election year and adverse global and regional developments. Growth should nudge up in FY16/17 to 5 percent, low compared to past performance and regional peers. Credit to the private sector has stalled, and non-performing loans (NPLs) have increased, also reflecting domestic government arrears. The current account deficit is fully financed. The Shilling has stabilized after a sharp depreciation in 2015, and international reserve coverage remains adequate.
|
| 538 |
|
|
|a Mode of access: Internet
|
| 830 |
|
0 |
|a IMF Staff Country Reports; Country Report ;
|v No. 2017/007
|
| 856 |
4 |
0 |
|z Full text available on IMF
|u http://elibrary.imf.org/view/journals/002/2017/007/002.2017.issue-007-en.xml
|z IMF e-Library
|